01198nam a22002895i 4500003001000000005001700010007000300027008004100030020001800071040003300089084001000122100003900132245014500171250001800316264004000334300004700374336002700421337003300448338002800481650005300509650004800562650004300610650005100653700007100704700006400775700006900839CO-BoRNBP20241008080210.0ta181122s2017 ck a br 000 spa d a9789587576818 aCO-BoUNCbspaerdacCO-BoUNC aC CUE aMiranda Saldaña, Patriciaeautor03aEl nuevo libro de los valores.cPatricia Miranda Saldaña, Julio Orozco Vargas, Andrés Castillo Brieva; ilustraciones, Carlos Velásquez a1a. edición 1aBogotábintermedio editoresc2017 a159 páginas ; :bIlustraciones ;c29 cm. atextobtxt2rdacontent asin mediaciónbn2rdamedia avolumenbnc2rdacarrier172LEMBaValores (filosofía)vLiteratura infantil172LEMBaValores socialesvLiteratura infantil172LEMBaCuentos infantiles vColecciones172LEMBaActividades creativas y trabajo de clase1 aPatricia Miranda SaldañadInvestigación y redacción de texto1 aJulio Orozco VargaseInvestigación y redacción de texto1 aAndrés Castillo BrievaeInvestigación y redacción de texto